Catalog

Record Details

Catalog Search



The missing ingredient  Cover Image Book Book

The missing ingredient / Diane Noble.

Summary:

"When a popular TV cooking network rolls into town, Copper Mill is in for big excitement, big personalities and one big mystery."--Description from cover.

Record details

  • Physical Description: 230 pages ; 22 cm.
  • Publisher: New York : Guideposts, c2008.
Subject: Spouses of clergy > Fiction.
Clergy > Fiction.
Television programs.
Fiction television programs.
Tennessee > Fiction.
Genre: Christian fiction.
Mystery fiction.

Available copies

  • 1 of 1 copy available at scottsboropl.

Holds

  • 0 current holds with 1 total copy.
Show Only Available Copies
Location Call Number / Copy Notes Barcode Shelving Location Status Due Date
scottsboropl F Min 32269000812605 Adult - Fiction Available -

LDR 01029nam a2200277Ia 4500
001130858
003CONS
00520140703073306.0
008080918s2008 nyu 000 1 eng d
035 . ‡a(CPomAG)LMN501234
1001 . ‡aNoble, Diane, ‡d1945-
24514. ‡aThe missing ingredient / ‡cDiane Noble.
260 . ‡aNew York : ‡bGuideposts, ‡cc2008.
300 . ‡a230 pages ; ‡c22 cm.
440 0. ‡aMystery and the minister's wife
520 . ‡a"When a popular TV cooking network rolls into town, Copper Mill is in for big excitement, big personalities and one big mystery."--Description from cover.
650 0. ‡aSpouses of clergy ‡vFiction.
650 0. ‡aClergy ‡vFiction.
650 0. ‡aTelevision programs.
650 0. ‡aFiction television programs.
651 0. ‡aTennessee ‡vFiction.
655 7. ‡aChristian fiction. ‡2gsafd
655 7. ‡aMystery fiction. ‡2gsafd
914 . ‡dLMN_cm
959 . ‡i32269000812605 ‡lF Nob ‡aAdult - Fiction ‡tFiction ‡g18.00
852 . ‡p32269000812605 ‡jF Nob ‡gAdult - Fiction ‡cFiction ‡y18.00 ‡bSBPL
901 . ‡a130858 ‡bUnknown ‡c130858 ‡tbiblio

Additional Resources